| 000 | 00686nam a2200265Ia 4500 | ||
|---|---|---|---|
| 008 | 190123s9999 xx 000 0 und d | ||
| 020 | _a9780531210727 | ||
| 050 | _bG822 2014 | ||
| 100 | _aGregory, Josh | ||
| 245 | 0 | _aAnimation : | |
| 245 | 0 | _bfrom concept to consumer / | |
| 245 | 0 | _cby Josh Gregory. | |
| 260 | _aNew York, New York : | ||
| 260 | _bScholastic, | ||
| 260 | _c2014 | ||
| 300 | _a64 pages : | ||
| 300 | _bcolored illustrations ; | ||
| 300 | _c23cm. | ||
| 440 | _aCalling all innovators : a career for you. | ||
| 500 | _a1170L | ||
| 650 | _aAnimation (Cinematography) -- | ||
| 650 | _xVocational guidance. | ||
| 700 | _aSeries. | ||
| 700 | _aTitle. | ||
| 999 |
_c361193 _d361193 |
||